000 00704nam a2200229Ia 4500
008 160319s9999 xx 000 0 und d
245 4 _aThe Little prince [motion picture] /
245 _cscreenplay and lyrics by Alan Jay Lerner ; produced and directed by Stanley Donen, [produced by] Paramount Pictures.
260 _aNew York :
260 _bDolby Digital
260 _c1974
300 _a1 videodisc (88 min.) :
300 _bsound, color ;
300 _c4 3/4 in.
650 _aAir pilots --
650 _aFantasy fiction.
650 _aLife on other planets --
650 _aPrinces --
650 _xJuvenile drama.
650 _xJuvenile drama.
650 _xJuvenile drama.
999 _c292460
_d292460